Výraznejšia korekcia sa nekonala podielové fonky od 25. januára 2009 do 19. februára 2010

Svetové akciové trhy a indexy. Americký index Standard & Poor´s a Európsky index Eurostoxx 50. Hlasovanie členov Fedu za skoršie zvýšenie úrokových sadzieb. Podielové a dlhopisové fondy. Akciové trhy merané indexom MSCI Europe v EUR. Index spotrebiteľskej dôvery. Rozvíjajúce sa trhy. Čínska centráln...

ver descrição completa

Na minha lista:
Detalhes bibliográficos
Autor principal: Pavlovič, Marek
Formato: Capítulo de Livro
Idioma:eslovaco
Assuntos:
Tags: Adicionar Tag
Sem tags, seja o primeiro a adicionar uma tag!

MARC

LEADER 00000naa$a2200000$$$4500
001 0111859
005 20231019091452.4
041 0 |a slo 
044 |a SK 
245 1 0 |a Výraznejšia korekcia sa nekonala  |b podielové fonky od 25. januára 2009 do 19. februára 2010  |c Marek Pavlovič 
520 |a Svetové akciové trhy a indexy. Americký index Standard & Poor´s a Európsky index Eurostoxx 50. Hlasovanie členov Fedu za skoršie zvýšenie úrokových sadzieb. Podielové a dlhopisové fondy. Akciové trhy merané indexom MSCI Europe v EUR. Index spotrebiteľskej dôvery. Rozvíjajúce sa trhy. Čínska centrálna banka zvýšila mieru povinných minimálnych rezerv. Čisté predaje podielových fondov na Slovensku. 
610 2 0 |a trh burzový 
610 2 0 |a trh peňažný 
610 2 0 |a portfólio 
610 2 0 |a dlhopisy 
610 2 0 |a akcie 
610 2 0 |a fondy podielové 
610 2 0 |a indexy burzové 
610 2 0 |a USA 
610 2 0 |a Európa 
610 2 0 |a Čína 
610 2 0 |a banky centrálne 
100 1 |a Pavlovič, Marek